|
|
|
|
| LEADER |
00888nam a2200301 a 4500 |
| 001 |
000817412 |
| 003 |
CZ BrMZK |
| 005 |
20060621115400.0 |
| 007 |
ta |
| 008 |
060523s1999 xr er 000 0 cze |
| 020 |
|
|
|q (Brož.)
|
| 040 |
|
|
|a BOA001
|b cze
|
| 080 |
|
|
|a 129
|2 MRF
|
| 080 |
|
|
|a 2-187.5
|2 MRF
|
| 080 |
|
|
|a (0:82-4)
|2 MRF
|
| 080 |
|
|
|a (041)
|2 MRF
|
| 100 |
1 |
|
|a Vaňura, Jaromír,
|d 1921-
|7 jk01141610
|4 aut
|
| 245 |
1 |
0 |
|a Reinkarnace-? :
|b fejetony /
|c Jaromír Vaňura
|
| 260 |
|
|
|a [Brno] :
|b Jaromír Vaňura,
|c 1999
|
| 300 |
|
|
|a 12 s. ;
|c 21 cm
|
| 500 |
|
|
|a Název z obálky
|
| 650 |
0 |
7 |
|a reinkarnace
|7 ph116033
|2 czenas
|
| 655 |
|
7 |
|a fejetony
|7 fd132252
|2 czenas
|
| 655 |
|
7 |
|a brožury
|7 fd131925
|2 czenas
|
| 910 |
2 |
|
|a BOA001
|b 2-1164.730
|
| 990 |
|
|
|a BK
|
| 991 |
|
|
|b 200606
|
| 996 |
6 |
|
|b 2610282532
|c 2-1164.730
|l MZK
|r Sklad / do 1 hodiny
|n 1
|p p.v.
|w 000817412
|u 000010
|a 1
|e BOA001
|j MZK50
|s P
|